| 000 | 01123nam a22002417a 4500 | ||
|---|---|---|---|
| 003 | OSt | ||
| 005 | 20180903071421.0 | ||
| 008 | 180220b xxu||||| |||| 00| 0 spa d | ||
| 020 | _a9502002695 | ||
| 040 | _cPJ | ||
| 100 |
_91942 _aKielmanovich, Jorge L. |
||
| 245 | 1 | 3 |
_aLa prueba en el proceso civil: _bcuestiones de derecho probatorio nacional y comparado / _cJorge L. Kielmanovich. |
| 260 |
_aBuenos Aires : _cAbeledo-Perrot, _b1985. |
||
| 300 |
_a156 p. _c23 cm. |
||
| 500 | _aNotas y citas bibliográficas a pie de página. | ||
| 505 | _aContenido: La grabación subrepticia de una conversación telefónica como prueba como prueba en el proceso civil -- La verdad y el proceso -- La prueba de la responsabilidad médica en la jurisprudencia estadounidense -- La dirección material del proceso y la igualdad de las partes -- El libre interrogatorio de las partes. | ||
| 650 | 0 |
_91148 _aDERECHO PROCESAL CIVIL |
|
| 650 | 0 |
_91947 _aETAPA PROBATORIA |
|
| 650 | 0 |
_91975 _aPRUEBA |
|
| 650 | 0 |
_91971 _aMEDIOS DE PRUEBA |
|
| 650 | 0 |
_91976 _aINTERVENCIÓN DE LÍNEA TELEFÓNICA |
|
| 942 |
_2udc _cLIB _h347.94 _iKIE |
||
| 999 |
_c1318 _d1318 |
||